Регионална библиотека "Любен Каравелов" - Русе

Геоикономика (Запис номер 19335)

MARC детайли
000 -Лидер
Контролно поле с фиксирана дължина 02119nam a2200397 c 4500
003 - Код на организацията, давaща контролен номер
Контролно поле BLK
005 - Дата и час на последна редакция
Контролно поле 20180503142920.0
008 - Елементи от данни с фиксирана дължина
fixed length control field 180413b bul|||||r ||||||| ||bul||
010 ## - Наследен системен номер
LC control number KNG00021455000
020 ## - Международен стандартен номер на книга ISBN
Международен стандартен номер на книга ISBN 954-494-253-Х
-- издат.: Унив. изд. Стопанство
040 ## - Източник на каталожния запис
Идентификатор на билиотеката - собственик на записа BLK
041 ## - Код за език
Код за езика на текст/звукозапис или на отделно заглавие Български
Код за езика КДБФ Български
080 ## - УДК
Текстов определител УДК Социална география. Икономическа география. География на туризма
УДК код - определител по УДК 338:91
УДК определител (075.8)
УДК - код + определител 338:91(075.8)
100 1# - Редна дума - Автор
Автор Кръстев, Кръстю Нинов
Авторска отговорност първи автор
R(LIN) 263710
139 ## - Редно поле
Редна дума Геоикономика
Авторски знак Гео - Г 34
245 10 - Сведения за заглавието
Заглавие Геоикономика
Подзаглавни данни Учебник за студентите от ИУ
Редно поле (дума) Кръстю Нинов Кръстев; Емил Крумов Лозанов; Дончо Иванов Дончев; Христо Нейков Каракашев; Стефан Петров Карастоянов; Соня Петрова Докова.
257 ## - Страна на издаване
Страна на създаване/издаване България
260 ## - Област на издателските данни
-- София
Име на издателя, разпространителя и проч. Унив. изд. Стопанство
Година на издаване 1997
300 ## - Физическа характеристика
Страници 252 с.
Илюстрации и др. с табл.
Размери/Мащаб 24 см
380 ## - Жанр
Жанр География
500 ## - Общи забележки
Забележка Други авт. : Е. К. Лозанов, Д. Ив. Дончев, Хр. Н. Каракашев, Ст. П. Карастоянов, С. П. Докова. - Изд. на УНСС - София. - 1 000 тир. - Библиогр. с. 250-251.
504 ## - Забележка за наличие на библиография и др
Забележка за наличие на библиография и под. 250-251
650 #4 - Допълнително описание по предмет – тема
Основно описание – тема или топоним Икономическа география - учебници за ВУЗ
9 (RLIN) 245059
653 ## - Ключова дума – ненормативна
Ключова дума икономическа география
653 ## - Ключова дума – ненормативна
Ключова дума учебници за ВУЗ
700 1# - Други автори (авторска отговорност)
Лично име Лозанов, Емил Крумов
9 (RLIN) 365382
700 1# - Други автори (авторска отговорност)
Лично име Дончев, Дончо Иванов
9 (RLIN) 365383
700 1# - Други автори (авторска отговорност)
Лично име Каракашев, Христо Нейков
9 (RLIN) 365384
700 1# - Други автори (авторска отговорност)
Лично име Карастоянов, Стефан Петров
9 (RLIN) 365385
700 1# - Други автори (авторска отговорност)
Лично име Докова, Соня Петрова
Друга информация Докова-Живкова, Соня Петрова
9 (RLIN) 263711
852 ## - Местоположение
Форматна сигнатура Цб 193916
856 4# - Електронен адрес и достъп
Електронен формат pdf - файл
Път до файла /url/
856 4# - Електронен адрес и достъп
Електронен формат pdf - файл
Път до файла /url/
942 ## - АРТИКУЛИ
Вид на библиотечния материал Книги
Скрит в OPAC Не
Koha issues (borrowed), all copies 1
944 ## - СЪЗДАВАНЕ И РЕДАКЦИЯ на ЗАПИСА
Създаване/Редакция Създаване
Дата на регистрацията/редакция 15.01.2003
Служител, извършил регистрацията/редакцията АДМИНИСТРАТОР_НА_АБ
944 ## - СЪЗДАВАНЕ И РЕДАКЦИЯ на ЗАПИСА
Създаване/Редакция Редакция
Дата на регистрацията/редакция 17.06.2004
Служител, извършил регистрацията/редакцията
999 ## - СИСТЕМНИ КОНТРОЛНИ НОМЕРА
Koha biblionumber 19335
Koha biblioitemnumber 19335
Наличности
Код за отписване Код за изгубен артикул Източник на класификационната схема Код за повреда Коз за рестрикции Код за отдаване Артикулен № Име на библиотеката - собственик Име на библиотеката, в която се намира в момента Статус (Текущо местоположение) Дата на вписване в системата Местоположение - отдел Цена в лева Инвентарен номер Систематично азбучна сигнатура Баркод Номер на екземпляра Цена в евро Служебна бележка Служебен тип на артикула
  Не е изгубен Universal Decimal Classification Не е повреден без рестрикции ползва се в читалня 32254 Регионална библиотека "Любен Каравелов" Русе Регионална библиотека "Любен Каравелов" Русе Хранилище 2001-01-01 Хранилище 0.00 639603 Цб 193916 120000639603 1 0.00 Дост: Dp Вид: Д N: стар фонд Дата: 01.01.1997 Книги
Изтеглен Не е изгубен Universal Decimal Classification Не е повреден без рестрикции заемане за дома 32255 Регионална библиотека "Любен Каравелов" Русе Регионална библиотека "Любен Каравелов" Русе Заемна - подръчен фонд 2001-01-01 Заемна - подръчен фонд 5.50 639793 П 338:91/Г 34 639793 2 2.81 Дост: Pk Вид: Ф N: стар фонд Дата: 01.01.1997 Дата инв: 05.02.2018 Бележки инв: П2018 Книги
  Не е изгубен Universal Decimal Classification Не е повреден без рестрикции заемане за дома 32256 Регионална библиотека "Любен Каравелов" Русе Регионална библиотека "Любен Каравелов" Русе Заемна - подръчен фонд 2001-01-01 Заемна - подръчен фонд 5.00 636258 П 338:91/Г 34 120000636258 3 2.56 Дост: Pk Вид: Ф N: стар фонд Дата: 01.01.1997 Дата инв: 05.02.2018 Бележки инв: П2018 Книги
Изтеглен Не е изгубен Universal Decimal Classification Не е повреден без рестрикции заемане за дома 32257 Регионална библиотека "Любен Каравелов" Русе Регионална библиотека "Любен Каравелов" Русе Заемна - подръчен фонд 2001-01-01 Заемна - подръчен фонд 7.50 642964 П 338:91/Г 34 642964 4 3.83 Дост: Pk Вид: Ф N: стар фонд Дата: 01.01.1997 Дата инв: 05.02.2018 Бележки инв: П2018 Книги
Vip Innovations Ltd, Rousse, Bulgaria 2025